| 000 | 00737nam a2200169 a 4500 | ||
|---|---|---|---|
| 008 | 060424s1996 ||||||||||||||||| || u | ||
| 020 | _a1557754977 | ||
| 050 | _aIMF (02) | ||
| 100 | _aEl-Naggar, Said | ||
| 245 | 1 | 4 |
_aThe Uruguay Round and the Arab countries : papers presented at a seminar held in Kuwait, January 17-18, 1995 _cedited by Said El-Naggar |
| 260 |
_aWashington, D.C.: _bInternational Monetary Fund _c1996 |
||
| 300 | _ax, 197 p. : ill. | ||
| 350 | _a0.00 | ||
| 650 | _aURUGUAY ROUND (1987-1994) - CONGRESSES | ||
| 650 | _aARAB COUNTRIES - COMMERCIAL POLICY - CONGRESSES | ||
| 995 |
_D0.00 _FCBU-MAIN LIBRARY (Kitwe) _H1 _I0.00 _M1 _UAVAILABLE _ZInternational Publications |
||
| 999 |
_c61097 _d61097 |
||